Revisión y mejora de sistema de comunicación de señal analógica por fibra óptica marca IFO

Guardat en:
Dades bibliogràfiques
Autor principal: Molina Coto, Osvaldo, 1988-
Altres autors: Marín Naranjo, Luis Diego, 1960- Director de Proyecto Eléctrico
Format: Llibre
Publicat: [San José], Costa Rica 2014
Matèries:
Etiquetes: Afegir etiqueta
Sense etiquetes, Sigues el primer a etiquetar aquest registre!

MARC

LEADER 00000nam a22000007a 4500
003 012053
005 20230628115440.0
008 150219b2014 c a|||| |||| 00| ||s d
040 |c cru CEDI  
100 |9 832  |a Molina Coto, Osvaldo, 1988- 
245 |a  Revisión y mejora de sistema de comunicación de señal analógica por fibra óptica marca IFO 
260 |a [San José], Costa Rica  |c 2014 
500 |a Proyecto de graduación (bachillerato en ingeniería eléctrica)-- Universidad de Costa Rica. Facultad de Ingeniería. Escuela de Ingeniería Eléctrica 
501 |a Profesor Guía de IE-0499 Proyecto Eléctrico: M.Sc. Luis Diego Marín Naranjo 
651 |x COMUNICACIONES OPTICAS  |x CIRCUITOS ELECTRONICOS  |x FIBRA OPTICA   |9 149 
700 |9 808  |a Marín Naranjo, Luis Diego, 1960-  |d Director de Proyecto Eléctrico  
942 |c CEDI  |h TFG 7219  |6 TFG_7219_000000000000000 
999 |c 13559  |d 13559